[Event "Rottach Egern Seniors Cup 13th"]
[Site "Rottach Egern"]
[Date "2025.04.01"]
[Round "4"]
[White "Jensen, Thomas"]
[Black "De Luna Butz, Alberto"]
[Result "1-0"]
[WhiteElo "1940"]
[BlackElo "1817"]
[PlyCount "93"]
[EventDate "2025.03.29"]
[EventType "swiss"]
[EventRounds "9"]
[EventCountry "GER"]
[SourceTitle "CB16_2025"]
[SourceDate "2025.04.16"]
[SourceVersion "1"]
[SourceVersionDate "2025.04.16"]
[SourceQuality "1"]

1. d4 d5 2. c4 e6 3. Nf3 Nf6 4. Nc3 Nbd7 5. a3 b6 6. cxd5 Nxd5 7. e4 Nxc3 8. bxc3 Bb7 9. Bd3 Be7 10. 0-0 0-0 11. c4 c5 12. d5 exd5 13. cxd5 Bf6 14. Ra2 Qc7 15. Bc4 Ne5 16. Nxe5 Bxe5 17. f4 Bd4+ 18. Kh1 Qd7 19. Bb2 Rac8 20. a4 Rfe8 21. Bb5 Qe7 22. Bxe8 Rxe8 23. Bxd4 cxd4 24. Qxd4 Qxe4 25. Rd2 Qxd4 26. Rxd4 f6 27. h3 Kf7 28. Rc1 Re7 29. d6 Rd7 30. Rc7 Ke8 31. Kg1 f5 32. Rdc4 Be4 33. Rc8+ Kf7 34. R8c7 Ke6 35. Rxd7 Kxd7 36. Rc7+ Kxd6 37. Rxa7 Kc5 38. a5 b5 39. Rc7+ Kd6 40. Rxg7 b4 41. Rxh7 Kc5 42. a6 b3 43. Rb7 Kc4 44. h4 Kc3 45. h5 b2 46. Rxb2 Kxb2 47. h6 1-0

[Event "GER-ch Seniors 50 36th"]
[Site "Bad Wildungen"]
[Date "2024.08.30"]
[Round "8"]
[White "Jensen, Thomas"]
[Black "Heller, Achim"]
[Result "1/2-1/2"]
[WhiteElo "1973"]
[BlackElo "2082"]
[PlyCount "60"]
[EventDate "2024.08.25"]
[EventType "swiss"]
[EventRounds "9"]
[EventCountry "GER"]
[SourceTitle "CBM 221 Extra"]
[Source "ChessBase"]
[SourceDate "2024.09.30"]
[SourceVersion "1"]
[SourceVersionDate "2024.09.30"]
[SourceQuality "1"]

1. d4 d5 2. c4 e6 3. Nf3 Nf6 4. Nc3 Be7 5. e3 0-0 6. Bd3 b6 7. cxd5 exd5 8. 0-0 Bb7 9. b3 Nbd7 10. Bb2 a6 11. Qc2 c5 12. Ne5 cxd4 13. exd4 b5 14. Rac1 Bd6 15. Rfe1 Re8 16. f4 b4 17. Na4 Rc8 18. Qb1 Rxc1 19. Qxc1 Ne4 20. Bxe4 dxe4 21. Qc4 Re7 22. Nc5 Nxc5 23. dxc5 Bxe5 24. Bxe5 Qd2 25. Re2 Qd1+ 26. Kf2 Bd5 27. Qxb4 f6 28. c6 Re8 29. Bd4 Qc1 30. Be3 Qxc6 1/2-1/2

[Event "GER-ch Seniors 50 36th"]
[Site "Bad Wildungen"]
[Date "2024.08.29"]
[Round "7"]
[White "Jendel, Christian"]
[Black "Jensen, Thomas"]
[Result "1/2-1/2"]
[WhiteElo "2087"]
[BlackElo "1973"]
[PlyCount "25"]
[EventDate "2024.08.25"]
[EventType "swiss"]
[EventRounds "9"]
[EventCountry "GER"]
[SourceTitle "CBM 221 Extra"]
[Source "ChessBase"]
[SourceDate "2024.09.30"]
[SourceVersion "1"]
[SourceVersionDate "2024.09.30"]
[SourceQuality "1"]

1. c4 e6 2. Nc3 d5 3. d4 Nf6 4. Nf3 Be7 5. e3 0-0 6. Bd3 b6 7. 0-0 Nbd7 8. Re1 Bb7 9. cxd5 exd5 10. Qc2 h6 11. e4 dxe4 12. Nxe4 c5 13. Bf4 1/2-1/2

[Event "GER-ch Seniors 50 36th"]
[Site "Bad Wildungen"]
[Date "2024.08.25"]
[Round "2"]
[White "Jensen, Thomas"]
[Black "Bastian, Martin"]
[Result "0-1"]
[WhiteElo "1973"]
[BlackElo "2100"]
[PlyCount "62"]
[EventDate "2024.08.25"]
[EventType "swiss"]
[EventRounds "9"]
[EventCountry "GER"]
[SourceTitle "CBM 221 Extra"]
[Source "ChessBase"]
[SourceDate "2024.09.30"]
[SourceVersion "1"]
[SourceVersionDate "2024.09.30"]
[SourceQuality "1"]

1. d4 Nf6 2. c4 g6 3. Nc3 Bg7 4. e4 d6 5. f3 0-0 6. Be3 c6 7. Qd2 a6 8. 0-0-0 b5 9. Bd3 e5 10. Nge2 Nbd7 11. h4 h5 12. Rhg1 Qa5 13. a3 bxc4 14. Bxc4 d5 15. exd5 Nb6 16. Bd3 exd4 17. Bxd4 Nbxd5 18. Nxd5 Qxd2+ 19. Rxd2 cxd5 20. Rc2 Bb7 21. Kb1 Rfc8 22. Rgc1 Rxc2 23. Rxc2 Rc8 24. b4 Nd7 25. Bxg7 Kxg7 26. Rxc8 Bxc8 27. Nd4 Kf6 28. Kc2 Ke5 29. Ne2 Nb6 30. Kb3 d4 31. f4+ Kd5 0-1